Auditing EDP systems / (Record no. 357137)
[ view plain ]
| 000 -LEADER | |
|---|---|
| fixed length control field | 00597nam a2200217Ia 4500 |
| 008 - FIXED-LENGTH DATA ELEMENTS--GENERAL INFORMATION | |
| fixed length control field | 180523s9999 xx 000 0 und d |
| 020 ## - INTERNATIONAL STANDARD BOOK NUMBER | |
| International Standard Book Number | 981-4035-85-8 |
| 050 ## - LIBRARY OF CONGRESS CALL NUMBER | |
| Classification number | MAIN HF 5548.35 |
| 050 ## - LIBRARY OF CONGRESS CALL NUMBER | |
| Item number | .W38 1990 |
| 100 ## - MAIN ENTRY--PERSONAL NAME | |
| Personal name | Watne, Donald A. |
| 245 #0 - TITLE STATEMENT | |
| Title | Auditing EDP systems / |
| 245 #0 - TITLE STATEMENT | |
| Statement of responsibility, etc | Donald A. Watne, Peter B. B. Turney. |
| 250 ## - EDITION STATEMENT | |
| Edition statement | 2nd Edition |
| 260 ## - PUBLICATION, DISTRIBUTION, ETC. (IMPRINT) | |
| Place of publication, distribution, etc | Singapore : |
| 260 ## - PUBLICATION, DISTRIBUTION, ETC. (IMPRINT) | |
| Name of publisher, distributor, etc | Pearson Education South Asia, |
| 260 ## - PUBLICATION, DISTRIBUTION, ETC. (IMPRINT) | |
| Date of publication, distribution, etc | 2004 |
| 300 ## - PHYSICAL DESCRIPTION | |
| Extent | 576 pages : |
| 300 ## - PHYSICAL DESCRIPTION | |
| Dimensions | 21 cm. |
| 500 ## - GENERAL NOTE | |
| General note | Includes index. |
| 650 ## - SUBJECT ADDED ENTRY--TOPICAL TERM | |
| Topical term or geographic name as entry element | Electronic data processing departments -- Auditing. |
| Withdrawn status | Lost status | Damaged status | Home library | Current library | Shelving location | Date acquired | Cost, normal purchase price | Total Checkouts | Full call number | Barcode | Date last seen | Price effective from | Koha item type |
|---|---|---|---|---|---|---|---|---|---|---|---|---|---|
| South Mansfield College | South Mansfield College | 06/20/2006 | 375.00 | MAIN HF 5548.35 .W38 1990 | SMC03296 | 05/23/2018 | 05/23/2018 |